F1 Season 1999 Race Winners - Statistics

General Stats
  • This quiz has been taken 13 times
  • The average score is 13 of 16
Answer Stats
Grand Prix Country Winner % Correct
San Marino Germany Michael Schumacher
100%
Monaco Germany Michael Schumacher
100%
Brazil Finland Mika Häkkinen
91%
Spain Finland Mika Häkkinen
91%
Canada Finland Mika Häkkinen
91%
Hungary Finland Mika Häkkinen
91%
Japan Finland Mika Häkkinen
91%
United Kingdom United Kingdom David Coulthard
82%
Belgium United Kingdom David Coulthard
82%
Australia United Kingdom Eddie Irvine
82%
Austria United Kingdom Eddie Irvine
82%
Germany United Kingdom Eddie Irvine
82%
Malaysia United Kingdom Eddie Irvine
82%
France Germany Heinz-Harald Frentzen
82%
Italy Germany Heinz-Harald Frentzen
82%
Europe United Kingdom Johnny Herbert
36%
No matching quizzes found
Score Distribution
Percent of People with Each Score
Percentile by Number Answered
Your Score History
You have not taken this quiz